Understanding AC circuits / (Record no. 180135)

000 -LEADER
fixed length control field 00962 a2200229 4500
003 - CONTROL NUMBER IDENTIFIER
control field Nust
005 - DATE AND TIME OF LATEST TRANSACTION
control field 20221031123007.0
010 ## - LIBRARY OF CONGRESS CONTROL NUMBER
LC control number 99016982
020 ## - INTERNATIONAL STANDARD BOOK NUMBER
International Standard Book Number 0750671033 (alk. paper)
040 ## - CATALOGING SOURCE
Transcribing agency Nust
082 00 - DEWEY DECIMAL CLASSIFICATION NUMBER
Classification number 621.31913,PAT
100 1# - MAIN ENTRY--PERSONAL NAME
Personal name Patrick, Dale R.
9 (RLIN) 99931
245 10 - TITLE STATEMENT
Title Understanding AC circuits /
Statement of responsibility, etc. Dale R. Patrick and Stephen W. Fardo.
260 ## - PUBLICATION, DISTRIBUTION, ETC.
Place of publication, distribution, etc. Boston :
Name of publisher, distributor, etc. Newnes,
Date of publication, distribution, etc. c2000.
300 ## - PHYSICAL DESCRIPTION
Extent xiii, 172 p. :
Other physical details ill. ;
Dimensions 28 cm.
505 ## - FORMATTED CONTENTS NOTE
Formatted contents note Basics of Alternating Current (Page-1), Measuring AC (Page-15), Resistance, Inductance and Capacitance in AC Circuits (Page-51), Transformers (Page-103), Frequency Sensitive AC Circuits (Page-115),
650 #0 - SUBJECT ADDED ENTRY--TOPICAL TERM
Topical term or geographic name entry element Electric circuits
General subdivision Alternating current.
9 (RLIN) 101583
700 1# - ADDED ENTRY--PERSONAL NAME
Personal name Fardo, Stephen W.
9 (RLIN) 101952
856 41 - ELECTRONIC LOCATION AND ACCESS
Materials specified Publisher description
Uniform Resource Identifier <a href="http://www.loc.gov/catdir/description/els033/99016982.html">http://www.loc.gov/catdir/description/els033/99016982.html</a>
856 41 - ELECTRONIC LOCATION AND ACCESS
Materials specified Table of contents
Uniform Resource Identifier <a href="http://www.loc.gov/catdir/toc/els033/99016982.html">http://www.loc.gov/catdir/toc/els033/99016982.html</a>
942 ## - ADDED ENTRY ELEMENTS (KOHA)
Source of classification or shelving scheme
Koha item type Book
Holdings
Withdrawn status Lost status Source of classification or shelving scheme Damaged status Not for loan Permanent Location Current Location Shelving location Date acquired Full call number Barcode Date last seen Price effective from Koha item type Public note
          Military College of Signals (MCS) Military College of Signals (MCS) General Stacks 12/12/2016 621.31913,PAT MCS28640 12/08/2016 12/12/2016 Book Almirah No.29, Shelf No.4
© 2023 Central Library, National University of Sciences and Technology. All Rights Reserved.